Top 10 Songs by Asia - Statistics

General Stats
  • This quiz has been taken 3 times
  • The average score is 4 of 10
Answer Stats
Hint Answer % Correct
4 Don't Cry
100%
1 Heat of the Moment
100%
2 Only Time Will Tell
67%
10 Days Like These
33%
3 Sole Survivor
33%
7 The Smile Has Left Your Eyes
33%
9 Heat Goes On
0%
6 Time Again
0%
8 Who Will Stop the Rain
0%
5 Wildest Dreams
0%
No matching quizzes found
Score Distribution
Percent of People with Each Score
Percentile by Number Answered
Your Score History
You have not taken this quiz